000 00456nam a2200145Ia 4500
008 100204s9999 xx 000 0 und d
082 _b7390
100 _aकुलकर्णी नलिनी द.
245 _aसूचिपर्णी
260 _b"अक्षय साहित्य, पुणे 30"
_c1983
300 _a55
630 _aसूचिपर्णी
730 _aसूचिपर्णी
942 _cBOOK
999 _c451826
_d451823